00723nam a2200229 a 4500001001300000003000900013005001700022008004100039020002300080082001900103100001800122245005500140260004000195300000900235500003500244505002600279650002400305902000800329942000700337952013200344999001700476nice12345678IN_TiNIC20260116014123.0110502s2010 newa grp 000 0 eng  a9788125040545c69500a306.08991bAHM aAhmad, Imtiaz aDalit Assertion in Society, Literature and History aNew Delhi bOrient Blackswan c2010 a320p aincludes index and biblioraphy2 aglossary, notes index aDalits and Politics bSRS cBK 001040708StackRoom-aHMIbHMId2011-05-02g695.00l1o306.08991 AHMp023610r2018-10-05s2018-09-24v695.00w2011-05-02yBK c13963d13963